Statistics for Italy World Cup Squad 1994

Click here to take the quiz!

General Stats

  • This quiz has been taken 223 times
  • The average score is 12 of 22

Answer Stats

Squad No.PositionTeam ThenAnswer% Correct
5DFAC MilanPaolo Maldini
97%
13MFJuventusDino Baggio
96%
10FWJuventusRoberto Baggio
96%
6DFAC MilanFranco Baresi
87%
1GKSampdoriaGianluca Pagliuca
73%
4DFAC MilanAlessandro Costacurta
69%
11MFAC MilanDemetrio Albertini
63%
19FWAC MilanDaniele Massaro
57%
21FWParmaGianfranco Zola
56%
16MFAC MilanRoberto Donadoni
54%
20FWLazioGiuseppe Signori
50%
9DFAC MilanMauro Tassotti
50%
15MFJuventusAntonio Conte
44%
12GKLazioLuca Marchegiani
43%
3DFParmaAntonio Benarrivo
40%
14MFInter MilanNicola Berti
36%
18FWLazioPierluigi Casiraghi
36%
17MFSampdoriaAlberigo Evani
34%
2DFParmaLuigi Apolloni
34%
8DFTorinoRoberto Mussi
31%
22GKParmaLuca Bucci
27%
7DFParmaLorenzo Minotti
21%

Score Distribution

Percentile by Number Answered

Percent of People with Each Score

Your Score History

You have not taken this quiz